000 00481nam a2200193Ia 4500
005 20250423094810.0
008 250422s9999 xx 000 0 und d
020 _a9783135334059
050 _aQM 25 .F74/
100 _aFritsch, Helga
245 0 _aColor atlas of human anatomy: internal organs
250 _a5th ed.
260 _aNew York
260 _bThieme
260 _c2008
300 _a446 p
650 _aHuman anatomy--Atlases. Anatomy--Atlases.
942 _cBK
999 _c28326
_d28326